Strecha pre inteligentné fabriky a sklady budúcnosti

Technológie prinášajú nové požiadavky na priemyselných a logistických developerov. Rozhodovanie ovplyvňuje dostupnosť ľudí.

Uložené v:
Podrobná bibliografia
Hlavný autor: Rifaiová, Daniela
Médium: Kapitola
Jazyk:Slovak
Predmet:
Tagy: Pridať tag
Žiadne tagy, Buďte prvý, kto otaguje tento záznam!

MARC

LEADER 00000naa a2200000 4500
001 0241985
005 20180413081731.0
041 0 |a slo 
044 |a SK 
245 1 0 |a Strecha pre inteligentné fabriky a sklady budúcnosti  |c Daniela Rifaiová 
520 |a Technológie prinášajú nové požiadavky na priemyselných a logistických developerov. Rozhodovanie ovplyvňuje dostupnosť ľudí. 
610 2 0 |a stratégia logistická 
610 2 0 |a stratégia investičná 
610 2 0 |a parky priemyselné 
610 2 0 |a technológie nové 
610 2 0 |a zdroje ľudské 
610 2 0 |a vzťahy dodávateľsko-odberateľské 
100 1 |a Rifaiová, Daniela